Contabilidad de las Sociedades Anónimas (Record no. 46954)

MARC details
000 -LEADER
campo de control de longitud fija 00693nam a2200169 i 4500
001 - NÚMERO DE CONTROL
campo de control 46954
003 - IDENTIFICADOR DE NÚMERO DE CONTROL
campo de control ES-MaACL
005 - FECHA Y HORA DE LA ÚLTIMA TRANSACCIÓN
campo de control 20230906161456.0
007 - CAMPO FIJO DE DESCRIPCIÓN FÍSICA--INFORMACIÓN GENERAL
campo de control de longitud fija t|
008 - DATOS DE LONGITUD FIJA--INFORMACIÓN GENERAL
campo de control de longitud fija 030402 1951 sp ||||1| spa d
245 00 - MENCIÓN DEL TÍTULO
Título Contabilidad de las Sociedades Anónimas
Resto del título : texto especialmente preparado para cátedra a distancia /
Mención de responsabilidad, etc. [Traducción y adaptación al español por el Departamento de Estudios del Centro Español de Enseñanza por Correspondencia.
250 ## - MENCION DE EDICION
Mención de edición 1ª ed.
260 ## - PUBLICACIÓN, DISTRIBUCIÓN, ETC.
Lugar de publicación, distribución, etc. Madrid :
Nombre del editor, distribuidor, etc. Escuelas Internacionales,
Fecha de publicación, distribución, etc. [1951?] (
Fabricante Langa y Cia)
300 ## - DESCRIPCIÓN FÍSICA
Extensión 89 p. ;
Dimensiones 23 cm.
710 2# - ENTRADA AGREGADA--NOMBRE DE ENTIDAD CORPORATIVA
Nombre de entidad corporativa o nombre de jurisdicción como elemento de entrada Centro Español de Enseñanza por Correspondencia.
9 (RLIN) 2729
852 ## - LOCALIZACIÓN
Ubicación ES-MaACL
Número de control de estantería 1933-F-12
Sublocalización o colección R.32638
Holdings
Estatus retirado Estado de pérdida Estado de daño No para préstamo Colección Biblioteca de origen Biblioteca actual Ubicación en estantería Fecha de adquisición Fuente de adquisición Total de préstamos Signatura topográfica completa Código de barras Visto por última vez Precio de reemplazo Tipo de ítem Koha
        Colección de folletos Biblioteca del Ateneo de Madrid Biblioteca del Ateneo de Madrid Depósito folletos 17/01/2008     1933-F-12 1049382 23/02/2023 23/02/2023 Folleto